...

NIRU LIBRARY

M16 and the machinery of spying/ by Philip H. J. Daviies (Record no. 271)

MARC details
000 -LEADER
fixed length control field 00565nam a22002057a 4500
003 - CONTROL NUMBER IDENTIFIER
control field OSt
005 - DATE AND TIME OF LATEST TRANSACTION
control field 20230627092802.0
008 - FIXED-LENGTH DATA ELEMENTS--GENERAL INFORMATION
fixed length control field 230627b |||||||| |||| 00| 0 eng d
020 ## - INTERNATIONAL STANDARD BOOK NUMBER
International Standard Book Number 0714683639
040 ## - CATALOGING SOURCE
Transcribing agency NIRUC
Modifying agency NIRUC
050 ## - LIBRARY OF CONGRESS CALL NUMBER
Classification number UB251.D38
Item number 2004
100 ## - MAIN ENTRY--PERSONAL NAME
Personal name Davies, Philip H. J.
Dates associated with a name 2004
245 ## - TITLE STATEMENT
Title M16 and the machinery of spying/ by Philip H. J. Daviies
260 ## - PUBLICATION, DISTRIBUTION, ETC.
Place of publication, distribution, etc. London ;
Name of publisher, distributor, etc. Frank Cass,
Date of publication, distribution, etc. 2004
300 ## - PHYSICAL DESCRIPTION
Extent xv, 390p.;
Other physical details ill.
Dimensions 23cm
650 ## - SUBJECT ADDED ENTRY--TOPICAL TERM
Source of heading or term Intelligence service
650 ## - SUBJECT ADDED ENTRY--TOPICAL TERM
Source of heading or term Intelligence service
650 ## - SUBJECT ADDED ENTRY--TOPICAL TERM
Source of heading or term Management
942 ## - ADDED ENTRY ELEMENTS (KOHA)
Source of classification or shelving scheme Library of Congress Classification
Koha item type Books
Suppress in OPAC No
Holdings
Withdrawn status Lost status Source of classification or shelving scheme Damaged status Not for loan Home library Current library Shelving location Date acquired Total checkouts Total renewals Full call number Barcode Date last seen Date last checked out Price effective from Koha item type
    Library of Congress Classification     NIRU LIBRARY NIRU LIBRARY On display 06/27/2023 1 1 UB251. D38 2004 2023-0620 10/13/2025 07/14/2025 06/27/2023 Books
    Library of Congress Classification     NIRU LIBRARY NIRU LIBRARY On display 06/27/2023     UB251. D38 2004 2023-0624 06/27/2023   06/27/2023 Books
    Library of Congress Classification     NIRU LIBRARY NIRU LIBRARY On display 06/29/2023 1 1 UB 251. D38 2004 2023-0786 10/30/2024 06/24/2024 06/29/2023 Books
Copyright © 2025&6. National Intelligence and Research University. All Rights Reserved.